What makes a man? : (Record no. 4286)
[ view plain ]
| 000 -LEADER | |
|---|---|
| fixed length control field | 01061cam a2200325 a 4500 |
| 001 - CONTROL NUMBER | |
| control field | 405930 |
| 003 - CONTROL NUMBER IDENTIFIER | |
| control field | OSt |
| 005 - DATE AND TIME OF LATEST TRANSACTION | |
| control field | 20181204163451.0 |
| 008 - FIXED-LENGTH DATA ELEMENTS--GENERAL INFORMATION | |
| fixed length control field | 940106s1993 cou 000 0 eng |
| 020 ## - INTERNATIONAL STANDARD BOOK NUMBER | |
| International Standard Book Number | 0891097309 |
| 035 ## - SYSTEM CONTROL NUMBER | |
| System control number | (OCoLC)29786589 |
| 035 ## - SYSTEM CONTROL NUMBER | |
| System control number | (OCoLC)ocm29786589 |
| 040 ## - CATALOGING SOURCE | |
| Original cataloging agency | DLC |
| Language of cataloging | DLC |
| Transcribing agency | DLC |
| 082 ## - DEWEY DECIMAL CLASSIFICATION NUMBER | |
| Classification number | 248.8 |
| Item number | G853W |
| 100 1# - MAIN ENTRY--PERSONAL NAME | |
| Personal name | Griffith, Stephen |
| Fuller form of name | (Stephen G.) |
| 245 10 - TITLE STATEMENT | |
| Title | What makes a man? : |
| Remainder of title | study guide / |
| Statement of responsibility, etc. | Stephen Griffith and Bill Deckard. |
| 260 ## - PUBLICATION, DISTRIBUTION, ETC. | |
| Place of publication, distribution, etc. | Colorado Springs : |
| Name of publisher, distributor, etc. | NavPress, |
| Date of publication, distribution, etc. | c1993. |
| 300 ## - PHYSICAL DESCRIPTION | |
| Extent | 127 p. ; |
| Dimensions | 22 cm. |
| 500 ## - GENERAL NOTE | |
| General note | "Promise Keepers." |
| 500 ## - GENERAL NOTE | |
| General note | "A Promise Keepers study guide"--P. 4 of cover. |
| 500 ## - GENERAL NOTE | |
| General note | "This study guide is a companion to What makes a man? by Bill McCartney"--P. 5. |
| 650 #0 - SUBJECT ADDED ENTRY--TOPICAL TERM | |
| Topical term or geographic name entry element | Men |
| General subdivision | Religious life. |
| 650 #0 - SUBJECT ADDED ENTRY--TOPICAL TERM | |
| Topical term or geographic name entry element | Husbands |
| General subdivision | Religious life. |
| 650 #0 - SUBJECT ADDED ENTRY--TOPICAL TERM | |
| Topical term or geographic name entry element | Fathers |
| General subdivision | Religious life. |
| 650 #0 - SUBJECT ADDED ENTRY--TOPICAL TERM | |
| Topical term or geographic name entry element | Spiritual life |
| General subdivision | Christianity. |
| 700 1# - ADDED ENTRY--PERSONAL NAME | |
| Personal name | Deckard, Bill. |
| 700 12 - ADDED ENTRY--PERSONAL NAME | |
| Personal name | McCartney, Bill. |
| Title of a work | What makes a man?. |
| 710 2# - ADDED ENTRY--CORPORATE NAME | |
| Corporate name or jurisdiction name as entry element | Promise Keepers (Organization) |
| 942 ## - ADDED ENTRY ELEMENTS (KOHA) | |
| Source of classification or shelving scheme | Dewey Decimal Classification |
| Koha item type | Books |
| Withdrawn status | Lost status | Source of classification or shelving scheme | Damaged status | Not for loan | Collection code | Home library | Current library | Shelving location | Date acquired | Cost, normal purchase price | Total Checkouts | Full call number | Barcode | Date last seen | Price effective from | Koha item type |
|---|---|---|---|---|---|---|---|---|---|---|---|---|---|---|---|---|
| Dewey Decimal Classification | Not For Loan | Non-fiction | Harvest Mission College | Harvest Mission College | Fiction | 04.12.2018 | 120.00 | 248.8 G853W | 004985 | 04.12.2018 | 04.12.2018 | Books |
